Peace, justice and security studies / (Record no. 14177)
[ view plain ]
| 000 -LEADER | |
|---|---|
| fixed length control field | 00612nam a2200205 a 4500 |
| 001 - CONTROL NUMBER | |
| control field | ASIN8130915324 |
| 005 - DATE AND TIME OF LATEST TRANSACTION | |
| control field | 20170105102849.0 |
| 008 - FIXED-LENGTH DATA ELEMENTS--GENERAL INFORMATION | |
| fixed length control field | 130820s2011 xxu eng d |
| 020 ## - INTERNATIONAL STANDARD BOOK NUMBER | |
| International Standard Book Number | 8130915324 (hardcover) |
| 020 ## - INTERNATIONAL STANDARD BOOK NUMBER | |
| International Standard Book Number | 9788130915326 (hardcover) |
| 040 ## - CATALOGING SOURCE | |
| Original cataloging agency | 0 |
| 082 ## - DEWEY DECIMAL CLASSIFICATION NUMBER | |
| Classification number | 327.172 |
| 100 1# - MAIN ENTRY--PERSONAL NAME | |
| Personal name | McElwee, Timothy A. |
| 245 10 - TITLE STATEMENT | |
| Title | Peace, justice and security studies / |
| Statement of responsibility, etc. | Timothy A. McElwee. |
| 250 ## - EDITION STATEMENT | |
| Edition statement | 7th ed. |
| 260 ## - PUBLICATION, DISTRIBUTION, ETC. | |
| Place of publication, distribution, etc. | [S.l.] : |
| Name of publisher, distributor, etc. | Viva Books, |
| Date of publication, distribution, etc. | 2011. |
| 300 ## - PHYSICAL DESCRIPTION | |
| Extent | 1 v. (unpaged) |
| 856 40 - ELECTRONIC LOCATION AND ACCESS | |
| Materials specified | Amazon.com |
| Uniform Resource Identifier | <a href="http://www.amazon.com/exec/obidos/ASIN/8130915324/chopaconline-20">http://www.amazon.com/exec/obidos/ASIN/8130915324/chopaconline-20</a> |
| 942 ## - ADDED ENTRY ELEMENTS (KOHA) | |
| Source of classification or shelving scheme | |
| Koha item type | Book |
| Withdrawn status | Lost status | Damaged status | Not for loan | Collection code | Permanent Location | Current Location | Shelving location | Date acquired | Total Checkouts | Full call number | Barcode | Date last seen | Price effective from | Koha item type |
|---|---|---|---|---|---|---|---|---|---|---|---|---|---|---|
| Centre for International Peace & Stability (CIPS) | Centre for International Peace & Stability (CIPS) | General Stacks | 08/20/2013 | 327.172 PEA 2011 | CIPS0000664 | 08/20/2013 | 08/20/2013 | Book | ||||||
| Centre for International Peace & Stability (CIPS) | Centre for International Peace & Stability (CIPS) | General Stacks | 09/13/2013 | 327.172 PEA 2011 | CIPS0002511 | 08/08/2014 | 08/08/2014 | Book | ||||||
| Centre for International Peace & Stability (CIPS) | Centre for International Peace & Stability (CIPS) | General Stacks | 09/13/2013 | 327.172 PEA 2011 | CIPS0002512 | 08/08/2014 | 08/08/2014 | Book | ||||||
| Centre for International Peace & Stability (CIPS) | Centre for International Peace & Stability (CIPS) | General Stacks | 09/13/2013 | 327.172 PEA 2011 | CIPS0002513 | 08/08/2014 | 08/08/2014 | Book | ||||||
| Centre for International Peace & Stability (CIPS) | Centre for International Peace & Stability (CIPS) | General Stacks | 09/13/2013 | 327.172 PEA 2011 | CIPS0002514 | 08/08/2014 | 08/08/2014 | Book |
